000 00319 a2200157 4500
250 _a3ème éd.
245 _aAcupuncture
100 _aBorsarello, J.-F.
260 _c1986
300 _aX-166 P.
035 _a2449
035 _a3974
999 _c17500
_d17500